Jenseits bürgerlicher Religion : Reden über die Zukunft des Christentums / Johann Baptist Metz
Record details
- ISBN: 3-459-01307-9 (Kaiser : brož.)
- ISBN: 3-7867-0826-6 (Grünewald : brož.)
- Physical Description: 147 s. ; 19 cm
- Edition: 3. Aufl.
- Publisher: München ; Chr. Kaiser : 1981
Search for related items by subject
| Subject: | Etika politická Teologie morální Teologie politická |
| Genre: | monografie |
Search for related items by series
Available copies
- 1 of 1 copy available at Common Catalog SPOK.
Holds
- 0 current holds with 1 total copy.
Show Only Available Copies
| Location | Call Number / Copy Notes | Barcode | Shelving Location | Status | Due Date |
|---|---|---|---|---|---|
| Jabok Library | FL-3/Me | 424480032963 | Odborná literatura | Available | - |
| LDR | 01047nam a2200301ua 4500 | ||
|---|---|---|---|
| 001 | 18791 | ||
| 003 | CZ-PrJAB | ||
| 005 | 20140902150940.0 | ||
| 007 | ta | ||
| 008 | 980626s1981 gw e u||| | ger | ||
| 020 | . | ‡a3-459-01307-9 (Kaiser : brož.) | |
| 020 | . | ‡a3-7867-0826-6 (Grünewald : brož.) | |
| 035 | . | ‡a(CZ PrSKC)000115993 | |
| 040 | . | ‡aCBD005 ‡bcze | |
| 072 | 7. | ‡a27-4 ‡xPraktická teologie. Morální teologie ‡2Konspekt ‡95 | |
| 100 | 1 | . | ‡aMetz, Johann Baptist ‡4aut |
| 245 | 1 | 0. | ‡aJenseits bürgerlicher Religion : ‡bReden über die Zukunft des Christentums / ‡cJohann Baptist Metz |
| 250 | . | ‡a3. Aufl. | |
| 260 | . | ‡aMünchen ; ‡aMainz : ‡bChr. Kaiser : ‡bMatthias Grünewald, ‡c1981 | |
| 300 | . | ‡a147 s. ; ‡c19 cm | |
| 490 | 1 | . | ‡aGesellschaft und Theologie. Forum Politische Theologie ; ‡vNr. 1 |
| 650 | 0 | 4. | ‡aEtika politická |
| 650 | 0 | 4. | ‡aTeologie morální |
| 650 | 0 | 4. | ‡aTeologie politická |
| 655 | 7. | ‡amonografie ‡7fd132842 ‡2czenas | |
| 830 | 0. | ‡aGesellschaft und Theologie. ‡pForum Politische Theologie ; ‡vNr. 1 | |
| 910 | . | ‡aABG312 | |
| 901 | . | ‡a18791 ‡b ‡c18791 ‡tbiblio | |